Učení z textu a didaktická informace

Enregistré dans:
Détails bibliographiques
Auteur principal: Průcha, Jan
Format: Livre
Langue:tchèque
Publié: Praha Academia 1987
Édition:1. vyd.
Collection:Rozpravy ČSAV
Tags: Ajouter un tag
Pas de tags, Soyez le premier à ajouter un tag!

MARC

LEADER 00000nam a2200000 4500
001 c024378
005 20240417120952.7
041 0 |a cze 
044 |a CZ 
245 1 0 |a Učení z textu a didaktická informace  |c Jan Průcha 
250 |a 1. vyd. 
264 1 |a Praha  |b Academia  |c 1987 
300 |a 91 s. 
490 1 |a Rozpravy ČSAV 
830 0 |a Rozpravy ČSAV 
100 1 |a Průcha, Jan